Rights of the accused under indian laws / (Record no. 104831)

MARC details
000 -LEADER
fixed length control field 00604nam a22001937a 4500
005 - DATE AND TIME OF LATEST TRANSACTION
control field 20161129151335.0
010 ## - LCCN (DPL NO)
LC control number ENG-116704
020 ## - INTERNATIONAL STANDARD BOOK NUMBER
International Standard Book Number 9788184845419
Terms of availability 980.00
035 ## - SYSTEM CONTROL NUMBER
System control number EN-100236
037 ## - SOURCE OF ACQUISITION
Source of stock number/acquisition DBAD/PUB
082 ## - DEWEY DECIMAL CLASSIFICATION NUMBER
Classification number 345.5405
100 ## - MAIN ENTRY--PERSONAL NAME
Personal name Sharma, Raman
245 ## - TITLE STATEMENT
Title Rights of the accused under indian laws /
Statement of responsibility, etc by Raman Sharma
Remainder of title
260 ## - PUBLICATION, DISTRIBUTION, ETC. (IMPRINT)
Place of publication, distribution, etc New Delhi
Name of publisher, distributor, etc Regal Publications
Date of publication, distribution, etc 2016
270 ## - ADDRESS
Address F-159, Rajouri Garden
City New Delhi
Postal code 110027
300 ## - PHYSICAL DESCRIPTION
Extent xxv,214p.
Dimensions 23cm(Hb)
500 ## - GENERAL NOTE
General note Includes bibliographical references and index
942 ## - ADDED ENTRY ELEMENTS (KOHA)
Source of classification or shelving scheme Dewey Decimal Classification
Item type English Books
Classification part 345.5405
Call number suffix SHA
Holdings
Withdrawn status Lost status Not for loan Collection code Home library Current library Date acquired Source of acquisition Cost, normal purchase price Full call number Barcode Copy number Cost, replacement price Koha item type
    Not For Loan Non-fiction D.B.Act.Division Bawana 29/11/2016 DBAD/PUB 980.00 338.5405 SHA 100236 1 980.00 English Books

© Delhi Public Library
Hit Counter
free hit counter